Shakespeare Quotes Quiz Stats

 Plays Quiz Updated Sep 17, 2018

Support Sporcle.
Go Orange.
Score 0/12 Timer 05:00
16 Plays Today
Quote Play % Correct
To be, or not to be: that is the questionHamlet
98%
Parting is such sweet sorrowRomeo and Juliet
74.1%
Out, damned spot! out, I say!Macbeth
73.4%
Friends, Romans, countrymen, lend me your earsJulius Caesar
72.3%
Lord, what fools these mortals be!A Midsummer Night's Dream
55.4%
A horse! a horse! my kingdom for a horse!Richard III
47.9%
O, beware, my lord, of jealousy!Othello
47.6%
Once more unto the breach, dear friends, once moreKing Henry V
40.3%
I am a man more sinn'd against than sinningKing Lear
38.2%
All the world ’s a stage, And all the men and women merely playersAs You Like It
32.5%
Misery acquaints a man with strange bedfellowsThe Tempest
16.2%
My salad days, When I was green in judgmentAntony and Cleopatra
12.8%

From the Vault

Classical Guitar Parts

by Derek

Music 4m
The best part is when a good musician plays it.
Remove Ads.
Support Sporcle.
Get the best of Sporcle when you Go Orange. This ad-free experience offers more features, more stats, and more fun while also helping to support Sporcle. Thank you for becoming a member.

Show Comments

Extras

Top Quizzes Today


Score Distribution

Your Account Isn't Verified!

In order to create a playlist on Sporcle, you need to verify the email address you used during registration. Go to your Sporcle Settings to finish the process.

Report this User

Report this user for behavior that violates our Community Guidelines.

Details: